000 00613nam a2200241Ia 4500
003 OSt
005 20221007101001.0
006 a|||||r|||| 00| 0
007 ta
008 221006b |||||||| |||| 00| 0 eng d
024 _a5,600
037 _cTextual
040 _aLCO
_cLCO
_beng
041 _2eng
_aeng
082 _aZ3,954, K9
100 _aWATSON J A F
_9702424
245 0 _aWhich is the Justice.
260 _aLondon
_bGeorge Allen & Uniwins Ltd.
_c1969
300 _a242
650 _aJUSICE
_9702425
942 _hZ3,954, K9
_cTEXL
999 _c1175163
_d1175163